000 00529nam a2200193Ia 4500
999 _c11297
_d11297
003 OSt
005 20191230144955.0
008 190216s9999||||xx |||||||||||||| ||und||
020 _a9788182814257
040 _coclc
082 _a330.01
_bJHI/A
100 _aJhingan, M L
_9469
245 0 _aAdvanced Economic Theory /
_cM L Jhingan
250 _a14th ed.
260 _bVrinda Publications,
_c2013.
_aDelhi:
300 _a748p
650 _aEconomics
942 _cBK
_2ddc
_h330.01
_iJHI/A
_k330.01
_mJHI/A